000 00286 a2200133 4500
005 20250702074352.0
020 _a978-0-241-98139-9
082 _aSMI
100 _aSMITH, D
245 _aWhite Teeth,
260 _bPENGUIN CLASICS,
_c2000.
300 _a541p,:
_c18.1cm
942 _2ddc
_cBKS
999 _c6547
_d6547